Statistiques concernant Amérique Centrale et Grandes Antilles - Carte Quiz

Cliquez ici pour prendre le quiz!

Statistiques générales

  • Ce quiz a été pris 35 517 fois
  • Le résultat moyen est 10 sur 14

Réponses sur la Carte

Les réponses sont colorées sur une échelle allant du rouge au vert en fonction du pourcentage des utilisateurs qui les ont devinées à leur premier essai. Vous pouvez retrouver ces pourcentages ci-dessous.
 

Statistiques - réponses

Réponse% Correct
Panama
86%
Cuba
82%
République dominicaine
78%
Haïti
76%
Bahamas
75%
Belize
74%
Jamaïque
73%
Trinité-et-Tobago
72%
Guatemala
71%
Costa Rica
67%
Honduras
67%
Salvador
65%
Porto Rico (États-Unis)
64%
Nicaragua
63%

Distribution des résultats

Percentile par nombre de réponses

% des personnes avec chaque résultat

Votre développement - résultats

Vous n’avez pas pris ce quiz